| 000 | 00683cam a2200145 4500500 | ||
|---|---|---|---|
| 005 | 20251228052418.0 | ||
| 041 | _afre | ||
| 042 | _adc | ||
| 100 | 1 | 0 |
_aWarnier, Jean-Pierre _eauthor |
| 245 | 0 | 0 | _aMALAQUAIS, Dominique. — Architecture, pouvoir et dissidence au Cameroun. Paris, Karthala ; Yaoundé, Presses de l’UCAC, 2002, 395 p., glossaire, photos, index, bibl. (« recherches internationales », collection du CERI). |
| 260 | _c2005. | ||
| 500 | _a40 | ||
| 786 | 0 | _nCahiers d'études africaines | 177 | 1 | 2005-03-01 | p. 257k-303k | 0008-0055 | |
| 856 | 4 | 1 | _uhttps://shs.cairn.info/revue-cahiers-d-etudes-africaines-2005-1-page-257k?lang=fr&redirect-ssocas=7080 |
| 999 |
_c1583491 _d1583491 |
||